000 00345nam a2200133Ia 4500
008 240624s9999 xx 000 0 und d
041 _aeng
082 _a030 BAN
100 _aBANERJEE H R
245 _aENCYCLOPAEDIA OF COMPUTER TERMINOLOGY
260 _c2007
_aMumbai
_bJaico Publishing House
300 _a632 : p. : cm. ; 24
365 _cRS
_b30
999 _c5484
_d5484